000 01002 a2200241 4500
999 _c8326
_d8326
020 _a0521550505
020 _a0521559677 (pbk.)
050 0 0 _aP29 CRY 1997
100 1 _aCrystal, David,
_d1941-
_eauthor
245 1 4 _aThe Cambridge encyclopedia of language /
_cDavid Crystal.
250 _a2nd ed.
264 _aCambridge
_bCambridge University Press
_c1997
300 _a480 p. :
_bill. (col.) ;
440 _aThe Cambridge Encyclopedia of Language
500 _aIncludes maps
504 _aIncludes bibliographical references (p. 451-458) and indexes.
650 0 _aLanguage and languages
_xDictionaries.
650 0 _aLinguistics
_xDictionaries.
856 4 2 _3Publisher description
_uhttp://www.loc.gov/catdir/description/cam027/96003104.html
856 4 1 _3Table of contents
_uhttp://www.loc.gov/catdir/toc/cam022/96003104.html
942 _2lcc
_cBK
_e2nd edition
_h29
_iCRY
_kP